Elementary differential topology /
Guardado en:
| Autor Principal: | |
|---|---|
| Formato: | Libro |
| Idioma: | English |
| Publicado: |
Princeton, N.J. :
Princeton University Press,
1966.
|
| Edición: | Rev. ed. |
| Series: | Annals of mathematics studies ;
no. 54 |
| Materias: | |
| Etiquetas: |
Agregar Etiqueta
Sin Etiquetas, Sea el primero en etiquetar este registro!
|
| LEADER | 00824cam a22002291a 4500 | ||
|---|---|---|---|
| 001 | MAT.inmabb006699 | ||
| 008 | 730629s1966####njua#####b####001#0#eng## | ||
| 005 | 20120828160053.0 | ||
| 245 | 1 | 0 | |a Elementary differential topology / |c by James R. Munkres. |
| 250 | |a Rev. ed. | ||
| 260 | |a Princeton, N.J. : |b Princeton University Press, |c 1966. | ||
| 300 | |a xi, 112 p. : |b il. ; |c 24 cm. | ||
| 440 | 0 | |a Annals of mathematics studies ; |v no. 54 | |
| 500 | |a "Lectures given at Massachusetts Institute of Technology, fall, 1961". | ||
| 504 | |a Incluye referencias bibliográficas (p. [109]) e índice. | ||
| 510 | 4 | |a MR, |c 33 #6637 | |
| 100 | 1 | |a Munkres, James R., |d 1930- | |
| 650 | 0 | |a Differential topology. | |
| 084 | |a 57-01 |2 msc2000 | ||
| 010 | |a 66001302 | ||
| 040 | |a DLC |c OYU |d OCoLC |d DLC | ||
| 859 | |h 57 |i M966 |p A-5487 |b BIB. MATEMATICA | ||
